Sports Quiz

Random Sports or Auto Racing Quiz
Score 0/21 Timer 04:00
1 Play Today
% Correct
Ferrari
99.8%
Red Bull
95.7%
McLaren
95.3%
Williams
93%
Renault
92.5%
Toyota
92.3%
Sauber
87.8%
Toro Rosso
86.7%
Brawn GP
85.7%
Benetton
84.1%
Jaguar
81.5%
% Correct
Force India
80.8%
BAR
80.1%
Jordan
79.8%
Honda
79.8%
Minardi
76.7%
Midland
76.1%
Prost
75.2%
Arrows
74.5%
Spyker
70.7%
Super Aguri
65.8%

You're not logged in!

Compare scores with friends on all Sporcle quizzes.
OR
Log In

Sporcle TV

Today on Sporcle TV


Watch our educational content, quiz creation guides, and fun videos on Sporcle TV.

Show Comments

Extras

Top Quizzes Today


Score Distribution

Paid Content

Your Account Isn't Verified!

In order to create a playlist on Sporcle, you need to verify the email address you used during registration. Go to your Sporcle Settings to finish the process.

Report this User

Report this user for behavior that violates our Community Guidelines.

Details: